000 00491nam a2200169Ia 4500
003 OSt
005 20260303110129.0
008 211028s2003 xx 000 0 und d
040 _cAIMIT LIBRARY
041 _aeng
100 _aSmitha, H R;D Souza, Anil Prakash.
_g92183
_92264
110 _aD Souza, Anil Prakash.
_92265
245 _aFuel pump test plan automation software /
260 _aBangalore
_c2003
710 _aMotor Industries Company Limited (MICO)
_92266
942 _2ddc
_cPRO
999 _c216839
_d216839